000
00270nam a22001097a 4500
999
_c
155327
_d
155327
082
_a
_b
100
_a
Rama Dudh Pandey
245
_a
Uthar aadhunik samaj aur vijnapak/
_c
by Rama Dudh Pandey.
260
_a
Kanpur:
_b
Abhay Prakashan,
_c
2012.
650
_a
942
_c
BK